| Relic | What it Does | Answer | % Correct |
|---|---|---|---|
| Spooky Relic | • 10% chance for Spooky (6×).• +0.1 Control. • 30% chance per fish movement to stab for +3% progress. | Spooky | 100%
|
| Enchant Relic | 10% chance for Abyssal (3.5×).• 80% chance for +30% fish weight. • 20% chance for -40% fish weight. | Abyssal | 96%
|
| Enchant Relic | • +5% increased chance for Shiny/Sparkling (1.85×).• +5% Lure Speed. • +5% Progress Speed. | Blessed | 96%
|
| Eerie Relic | • 10% chance for Eerie (6×).• +10% Progress Speed. • +10% Fish Size. | Eerie | 96%
|
| Frightful Relic | • 10% chance for Frightful (6×).• +50% Progress Speed. • -20% Resilience. | Frightful | 96%
|
| Enchant Relic | +55% Lure Speed. | Hasty | 96%
|
| Cosmic Relic | +15% Fish Size. | Sea Prince | 92%
|
| Enchant Relic | Sacrifice health for a health-dependant chance for Sanguine (8×) | Blood Reckoning | 88%
|
| Enchant Relic | • 15% chance per fish movement to stab for +6% progress.• 8% chance for Chaotic (12×). | Chaotic | 88%
|
| Enchant Relic | +0.15 Control. | Controlled | 88%
|
| Exalted Relic | • +25,000 Max Kg.• +0.2 Control. • +10% Progress Speed. | Herculean | 88%
|
| Exalted Relic | • 15% chance per fish movement to stab for +6% progress.• +15% Progress Speed. | Piercing | 88%
|
| Enchant Relic | Every 5 seconds, there is a 50% chance to freeze a fish for 3 seconds. | Chronos | 85%
|
| Enchant Relic | ×2.25 XP from all catches. | Clever | 85%
|
| Enchant Relic | +90% Mutation chance. | Mutated | 85%
|
| Enchant Relic | • 100% chance for Albino (1.1×) or Darkened (1.3×).• +10% Fish Size. | Noir | 85%
|
| Cosmic Relic | +5% Forced Progress Speed on any fish. | Overclocked | 85%
|
| Enchant Relic | +30% Fish Size. | Sea King | 85%
|
| Exalted Relic | +40% Fish Size. | Sea Overlord | 85%
|
| Enchant Relic | • +95% Luck.• +45% Lure Speed. • 50% chance for Electric (1.45×). (during Rain) | Storming | 85%
|
| Enchant Relic | 80% chance to catch Fish from a random location.(excludes Megalodons, Krakens, Limited fish, or Special fish). | Wormhole | 85%
|
| Exalted Relic | 20% chance to catch a duplicate fish with Anomalous (4.44×). | Anomalous | 81%
|
| Exalted Relic | • +75% Luck.• +30% Progress Speed. | Immortal | 81%
|
| Exalted Relic | • +inf Max Kg.• Allows fishing in the Roslit Volcano & Brine Pool. | Invincible | 81%
|
| Enchant Relic | • +50 Line Distance.• +20% Resilience. • +5% Progress Speed. | Long | 81%
|
| Enchant Relic | Every perfect catch increases:• Lure Speed by 2%. • Resilience by 2%. • Progress Speed by 2%. Regular catch reduces this by 4% each. Goes up to 30%. | Momentum | 81%
|
| Exalted Relic | • +25% Luck.• +45% Resilience. • +15% Lure Speed. • +10% Progress Speed. | Mystical | 81%
|
| Cosmic Relic | • +25% Progress Speed.• -0.1 Control. | Tryhard | 81%
|
| Song of the Deep | +40% Progress Speed. | Blessed Song | 77%
|
| Cosmic Relic | 3% increased chance for Shiny/Sparkling. | Glittered | 77%
|
| Enchant Relic | • ×1.5 XP from all catches.• +20% Lure Speed. • 30% chance for Purified(2×). | Insight | 77%
|
| Enchant Relic | • +20% Luck.• +15% Lure Speed. • +40% chance for Mutation. | Lucky | 77%
|
| Cosmic Relic | 20% chance to fully freeze a lured fish in the first second. | Cryogenic | 73%
|
| Enchant Relic | • +45% Luck.• +20% Resilience. • +20% Lure Speed. | Divine | 73%
|
| Enchant Relic | • 20% chance for +80% Progress Speed.• 80% chance for +10% Progress Speed. | Flashline | 73%
|
| Exalted Relic | 25% chance for Subspace (5×). | Quantum | 73%
|
| Enchant Relic | +35% Resilience. | Resilient | 73%
|
| Enchant Relic | 3× higher chance to catch:• Enchant Relics. • Nukes. • Treasure Maps. • Threads. Additionally: • 1.75× higher chance for Exalted Relics. • 1.5× higher chance for Atomic Nukes. | Scavenger | 73%
|
| Enchant Relic | 60% chance not to consume Bait. | Scrapper | 73%
|
| Enchant Relic | +20% Progress Speed. | Steady | 73%
|
| Cosmic Relic | ×1.2 XP from all catches. | Wise | 73%
|
| Enchant Relic | • +65% Luck.• +10% Lure Speed. • +20% Progress Speed. (during Windy) | Breezed | 69%
|
| Enchant Relic | • 100% chance for Translucent (1.3×).• 10% chance to catch a duplicate fish. | Ghastly | 69%
|
| Enchant Relic | • +30% Lure Speed.• +5% Progress Speed. | Swift | 69%
|
| Cosmic Relic | +10% Progress Speed for every snapped reel (stacks to 200%). | Tenacity | 69%
|
| Enchant Relic | • +10,000 Max Kg.• +0.1 Control. | Unbreakable | 69%
|
| Enchant Relic | • +15% Luck.• +5% Resilience. • +15% Lure Speed. • +5% Progress Speed. | Quality | 65%
|